| 000 | 00691nam a2200205 i 4500 | ||
|---|---|---|---|
| 001 | 38505 | ||
| 003 | ES-MaACL | ||
| 005 | 20230906155753.0 | ||
| 007 | t| | ||
| 008 | 030225s1972 sp ||||1| spa d | ||
| 100 | 1 |
_aCámara, Helder _cArzobispo de Olinda-Recife. _933983 |
|
| 245 | 1 | 3 |
_aEl desierto es fértil _b: libro de ruta para las minorías abrahámicas / _cHelder Cámara ; [tradujo Ramón M. Sans Vila]. |
| 260 |
_aSalamanca : _bSígueme, _c1972. |
||
| 300 |
_a89 p. ; _c21 cm. |
||
| 490 | 1 |
_aSéptimo sello ; _v17 |
|
| 700 | 1 |
_aSans Vila, Ramón María. _9103213 |
|
| 830 | 0 |
_aSéptimo sello ; _v17 _9181767 |
|
| 852 |
_aES-MaACL _jC-47908 _bR.83013 |
||
| 999 |
_c38505 _d38505 |
||